000 00307nam a22001337a 4500
008 170712b xxu||||| |||| 00| 0 eng d
020 _a0822603896
041 _aeng
080 _aFJA
100 _a23
101 _aFJA
245 _aTHE DICTIONARY OF ESSENTIAL QUOTATIONS
_cJACKSON, K.G
942 _2udc
_cBK
999 _c20326
_d20326